| 000 | 00541nam a22001817a 4500 | ||
|---|---|---|---|
| 005 | 20141107103543.0 | ||
| 010 | _aENG-111124 | ||
| 020 |
_c100.00 _a9789350836774 |
||
| 035 | _aEN-94656 | ||
| 037 | _bDBAD/PUB | ||
| 082 | _a332.63228 | ||
| 100 | _aLakhotia, Subhash | ||
| 245 |
_aHow to become a millionaire / _cby Subhash Lakhotia |
||
| 260 |
_aNew Delhi _bDiamond Books _c2013 |
||
| 270 |
_bNew Delhi _e110020 _aX-30, Okhla Industrial Area, Phase-II |
||
| 300 |
_a119p. _c22cm(pbk) |
||
| 942 |
_2ddc _cEN _mLAK _h332.63228 |
||
| 999 |
_c89797 _d89797 |
||